000 01359namaa22003131i 4500
003 EG-GICUC
005 20260111132128.0
008 260111s1986 sy ||||jr|||| 000 0 ara d
040 _aEG-GiCUC
_bara
_cEG-GiCUC
_dEG-GiCUC
_erda
082 0 4 _221
_a811.008
_bS537
092 0 4 _221
_a811.008
_bS537
099 _a811.008 S537 1986
100 1 _a‏شوكاني، محمد بن علي
_d1759-1839
_eمؤلف.
245 1 _aديوان الشوكانى :
_bأسلاك الجوهر والحياة الفكرية والسياسية فى عصره /
_cتحقيق ودراسة الدكتور حسين بن عبد الله العمرى
250 _aالطبعة الثانية
264 _aدمشق (سوريا) :
_bدار الفكر للطباعة والتوزيع والنشر،
_c1986
300 _a؛ 383 صفحة
_c24 سم
336 _2rdacontent
_atext
337 _2rdamedia
_aUnmediated
338 _2rdacarrier
_avolume
504 _aيشتمل على ارجاعات ببليوجرافية
541 _aد. جابر عصفور ؛
_bالقاهرة ؛
_cإهداء ؛
_d2024.
600 _a‏شوكاني، محمد بن علي
_d1759-1839
650 1 7 _aالشعر العربى
_xدواوين وقصائد
_2qrmak
651 1 _2qrmak
700 1 _aالعمرى، حسين بن عبد الله
_eمحقق.
905 _aHuda
942 _2ddc
_cBK
_e21
_n0
999 _c177591
_d177591